1029 1276 1374 1933 1835 1346 1769 1333 1847 1698 1121 1463 1308 1315 1507 1814 1005 1565 1652 1338 1060 1767 1150 1010 1610 1938 1292 1060 1618 1938 1319 1661 1840 1704 1724 1979 1726 1613 1846 1875 1332 1185 1212 1225 1622 1956 1913 1265 1843 1244 1010 1350 1968 1613 1588 1268 1299 1545 1700 1342 1932 1263 1915 1597 1498 1323 1063 1246 1638 1844 1346 1145 1565 1156 1460 1587 1796 1236 1379 1467 1674 1386 1464 1768 1491 1327 1724 1482 1163 1554 1136 1014 1992 1642 1082 1248 1899 1493 1267 BCNSPRNW ULIB Ver.6.0+V

เปลี่ยนเป็นภาษาไทย

Change to English
 แสดงรายละเอียดบรรณานุกรม
  กลับหน้าหลัก

Brief Record : Get Marc (ISO 2709) : E-mail record : QR code < ปิดหน้าต่าง
LEADER : 00000nam 2200000uu 4500
001    13399123911
003     ULIB
008    020711s2556 th a 000 0 tha d
020    9786167350646
060    QZ201^bช520อ
100    ชาตินิยม คล้ามไพบูลย์.
245    อันนิก้า มะเร็งไออารี ของสาวสู้ชีวิต. /^cชาตินิยม คล้ามไพบูลย์.
250    พิมพ์ครั้งที่ 1
260    กรุงเทพฯ :^bคลื่นอักษร,^c2556
300    192 หน้า;^b18.5 ซม.
650    มะเร็ง
945    ^p185^l0^i22599
945    ^p185^l0^i22600
รายการนี้ยังไม่มีแท็ก
คุณยังไม่ได้ล็อกอิน คุณสามารถมีกิจกรรมร่วมกับเว็บไซต์ได้ แต่ต้องล็อกอินก่อน ::
  ล็อกอิน

รายการสื่อสารสนเทศ

ลำดับที่ ประเภท เลขเรียก/บาร์โค้ด สถานที่ สถานะ
1. วิทยาศาสตร์การแพทย์ และสุขภาพ
หนังสือสำรอง
สถานะ=หนังสือสำรอง
QZ201 ช520อ ฉ.1 
  Barcode: 22599
ห้องสมุดวิทยาเขตนครสวรรค์
►หนังสือทั่วไป:l:General Books
บนชั้น
2. วิทยาศาสตร์การแพทย์ และสุขภาพ
วิทยาศาสตร์การแพทย์ และสุขภาพ
QZ201 ช520อ ฉ.2 
  Barcode: 22600
ห้องสมุดวิทยาเขตนครสวรรค์
►หนังสือทั่วไป:l:General Books
บนชั้น

รายการใกล้เคียง
    ผู้แต่ง [ชาตินิยม คล้ามไพบูลย์.]

    หัวเรื่อง [มะเร็ง]

BibComment


ยังไม่เคยถูกคอมเมนท์

คอมเมนท์ทรัพยากรรายการนี้
  คอมเมนท์: อันนิก้า มะเร็งไอ..


 Copyright 2026. Bcnsprnw @Library